[Event "Mumbai Wealth op 3rd"]
[Site "Mumbai"]
[Date "2018.01.04"]
[Round "6"]
[White "Toshali, V."]
[Black "Nitish, Bhat"]
[Result "1-0"]
[WhiteElo "1860"]
[BlackElo "1583"]
[PlyCount "126"]
[EventDate "2017.12.30"]
[EventType "swiss"]
[EventRounds "9"]
[EventCountry "IND"]
[SourceTitle "CBM 182 Extra"]
[Source "ChessBase"]
[SourceDate "2018.02.23"]
[SourceVersion "1"]
[SourceVersionDate "2018.02.23"]
[SourceQuality "1"]

1. d4 Nf6 2. Bf4 g6 3. e3 Bg7 4. Nf3 d6 5. Be2 0-0 6. 0-0 Nh5 7. Bg5 h6 8. Bh4 g5 9. Ne1 Nf4 10. exf4 gxh4 11. c3 c5 12. d5 e6 13. Na3 exd5 14. Qxd5 Qe7 15. Bf3 Nc6 16. Rd1 Rd8 17. Qh5 Qf6 18. Nd3 Bf5 19. Bg4 Bg6 20. Qd5 Rab8 21. Qf3 Ne7 22. Nc4 b5 23. Ne3 Bxd3 24. Rxd3 d5 25. f5 d4 26. cxd4 cxd4 27. Rfd1 Nc6 28. Nd5 Qd6 29. f6 Qxd5 30. fxg7 Qxf3 31. Bxf3 Ne5 32. Rxd4 Nxf3+ 33. gxf3 Rxd4 34. Rxd4 Kxg7 35. Rg4+ Kh7 36. Rxh4 Rb6 37. Rb4 a5 38. Rd4 Kg6 39. Kf1 f5 40. Ke2 Kg5 41. Kd3 Kf6 42. Rd5 a4 43. Kd4 Kg5 44. Ke5 b4 45. Ra5 a3 46. bxa3 bxa3 47. f4+ Kg4 48. f3+ Kh3 49. Kxf5 Kxh2 50. Kg4 Rg6+ 51. Kh5 Rf6 52. Kg4 Rg6+ 53. Kf5 Rb6 54. Ke5 Kg3 55. f5 h5 56. f6 h4 57. f7 Rb8 58. Kf6 h3 59. Rh5 h2 60. Kg7 Kxf3 61. Rxh2 Kg3 62. Rc2 Rb2 63. Rc3+ Kf4 1-0

[Event "Mumbai Wealth op 3rd"]
[Site "Mumbai"]
[Date "2017.12.30"]
[Round "1"]
[White "Wankhede, Avishkar"]
[Black "Nitish, Bhat"]
[Result "0-1"]
[WhiteElo "1838"]
[BlackElo "1583"]
[PlyCount "86"]
[EventDate "2017.12.30"]
[EventType "swiss"]
[EventRounds "9"]
[EventCountry "IND"]
[SourceTitle "CBM 182 Extra"]
[Source "ChessBase"]
[SourceDate "2018.02.23"]
[SourceVersion "1"]
[SourceVersionDate "2018.02.23"]
[SourceQuality "1"]

1. d4 Nf6 2. Nf3 g6 3. c4 Bg7 4. Nc3 0-0 5. e4 d6 6. Be2 Nbd7 7. 0-0 e5 8. d5 Nc5 9. Qc2 a5 10. Ne1 Ne8 11. Be3 b6 12. b3 Bd7 13. Nd3 f5 14. f3 f4 15. Bf2 g5 16. a3 Rf6 17. b4 Nxd3 18. Qxd3 Rg6 19. c5 bxc5 20. bxc5 h5 21. g4 fxg3 22. hxg3 g4 23. fxg4 Bxg4 24. Bxg4 Rxg4 25. Qf3 Qg5 26. Kh2 Nf6 27. Rab1 Rf8 28. cxd6 cxd6 29. Qe2 h4 30. gxh4 Qf4+ 31. Kh3 Rc8 32. Nb5 Rc2 33. Qe3 Rxh4+ 34. Bxh4 Qxe3+ 35. Bg3 Qh6+ 36. Bh4 Re2 37. Rf3 Nxe4 38. Rg1 Qd2 39. Nc7 Rh2+ 40. Kg4 Qh6 41. Ne8 Rxh4+ 42. Kf5 Rf4+ 43. Rxf4 Qxf4+ 0-1